LIBRARY & INFORMATION CENTRE, KCAET, TAVANUR

ONLINE PUBLIC ACCESS CATALOGUE (OPAC)

SWAT MODEL EVALUATION USING GENERATED DATA AND ASSESSING THE IMPACT OF LAND USE CHANGES (Record no. 15538)

MARC details
000 -LEADER
fixed length control field 00560nam a22001577a 4500
003 - CONTROL NUMBER IDENTIFIER
control field OSt
008 - FIXED-LENGTH DATA ELEMENTS--GENERAL INFORMATION
fixed length control field 181103b ||||| |||| 00| 0 eng d
082 ## - DEWEY DECIMAL CLASSIFICATION NUMBER
Classification number 627.52
Item number NET/SW
100 ## - MAIN ENTRY--AUTHOR NAME
Personal name NETHI NAGA HARI SAIRAM
245 ## - TITLE STATEMENT
Title SWAT MODEL EVALUATION USING GENERATED DATA AND ASSESSING THE IMPACT OF LAND USE CHANGES
260 ## - PUBLICATION, DISTRIBUTION, ETC. (IMPRINT)
Place of publication TAVANUR
Name of publisher DEPARTMENT OF IRRIGATION AND DRAINAGE ENGINEERING
Year of publication 2018
300 ## - PHYSICAL DESCRIPTION
Number of Pages 111
Accompanying material CD
700 ## - ADDED ENTRY--PERSONAL NAME
Personal name Dr. ANU VARUGHESE (Guide)
856 ## - ELECTRONIC LOCATION AND ACCESS
Uniform Resource Identifier <a href="https://drive.google.com/open?id=1yp-PG2AKOFKqCdibDdGucteyr0_pqNd1">https://drive.google.com/open?id=1yp-PG2AKOFKqCdibDdGucteyr0_pqNd1</a>
942 ## - ADDED ENTRY ELEMENTS (KOHA)
Koha item type Books
Holdings
Withdrawn status Lost status Damaged status Home library Current library Date acquired Full call number Accession Number Koha item type
      KAUAET KAUAET 03/11/2018 627.52 NET/SW T 432 Books
free website counter